000 00563nam a2200169Ia 4500
003 GCL
008 140319s9999 xx 000 0 ara d
040 _aGCL /
_cGCL
082 0 4 _a923.7
_bف م
100 1 _aفيصل عباس
245 1 0 _aموسوعة علماء النفس والتربية : معجم اعلام علم النفس والتربية /
_cفيصل عباس
300 _a288 ص
490 _aالهيئة العامة للاستعلامات
_v0
650 0 4 _aالتربويون
650 0 4 _aعلماء النفس - تراجم
942 _2ddc
_cBK
999 _c49101
_d49101